Managing with people in mind

Saved in:
Bibliographic Details
Format: Book
Language:English
Published: USA : Harvard Business Review, 1991
Subjects:
Tags: Add Tag
No Tags, Be the first to tag this record!

MARC

LEADER 00000nam a2200000 i 4500
001 1/22893
008 960711s1991 eng d
020 |a 0-87584-265-8 
035 |l 10021982 
040 |a GR-MY-UA  |b gre  |e aacr 
041 0 |a eng 
082 0 |a 658.3 
245 1 0 |a Managing with people in mind 
260 |a USA :   |b Harvard Business Review,   |c 1991 
300 |a 216 p. 
650 0 0 |a Management. 
650 0 0 |a Personnel management. 
852 |a INST  |b CHIOS  |e 19960711  |h 658.3 MAN  |p 005200004064  |q 005200004064  |t BK  |y 0 
909 |a Χ  |b 023425